000 00985 a2200193 4500
003 Nust
005 20221117154258.0
010 _a 72093982
020 _a0870061615
040 _cNust
082 0 0 _a621.31924,MIX
100 1 _aMix, Floyd M.,
_9102947
245 1 0 _aHouse wiring simplified;
_btells and shows you how
_c[by] Floyd M. Mix.
260 _aSouth Holland, Ill.,
_bGoodheart-Willcox
_c[1973]
300 _a176 p.
_billus.
_c23 cm.
505 _aElectrical Terms (Page-7), Conductors (Page-11), Conduits, Raceways (Page-19), Boxes, Covers (Page-25), Switches (Page-29), Outlet Receptacles (Page-35), Electricians Tools And Equipment (Page-39), Working Safely (Page-47), Service Requirements (Page-51), Basic Wiring Systems (Page-59), Basic Wiring Procedures (Page-69), House Wiring Circuits (Page-87), Modernizing Electrical Sys (Page-107), Useful Information (Page-127), Dictionary Of Terms (Page-165).
650 0 _aElectric wiring, Interior.
_941218
942 _2ddc
_cBK
999 _c180997
_d180997